Nociones de Estética
Saved in:
| Hovedforfatter: | |
|---|---|
| Format: | Bog |
| Sprog: | spansk |
| Udgivet: |
Santiago
Nascimento
1935
|
| Fag: | |
| Tags: |
Tilføj Tag
Ingen Tags, Vær først til at tagge denne postø!
|
MARC
| LEADER | 00000cam a2200000 a 4500 | ||
|---|---|---|---|
| 001 | UCF8748 | ||
| 003 | CL-VaPUC | ||
| 008 | 131004e19350000cl |||||||||||||||||spa|d | ||
| 082 | 0 | 4 | |a 701.17 |b LAL |2 21 |
| 100 | 0 | |a Lalo, Carlos |e author |9 570887 | |
| 245 | 1 | 0 | |a Nociones de Estética |
| 300 | |a 146 p | ||
| 942 | |c BK | ||
| 945 | |d 20131004 22:02:00 |a dcastane | ||
| 260 | |a Santiago |b Nascimento |c 1935 | ||
| 650 | 0 | |a Filosofía del arte |9 264951 | |
| 650 | 0 | |a Estética |9 264950 | |
| 583 | |a last modification |c 20131004 22:02:00 |k Rodrigo Vera | ||
| 999 | |c 353306 |d 353304 | ||
| 952 | |0 0 |1 0 |3 erb |4 0 |6 701_170000000000000_LAL_1935 |7 0 |8 A |9 458444 |a BIBART |b BIBART |d 2019-11-23 |i 5010918 |l 1 |m 1 |o 701.17 LAL 1935 |p 5010918 |r 2025-03-13 |s 2024-04-16 |w 2019-11-23 |y BK |z Catalogado en:20131004 |k ART | ||